00693nam a2200217Ia 4500003000400000008004100004020002400045040000800069100002400077245005200101250001800153260002400171300001200195365001200207901002100219902004600240903005800286942001200344952010200356999001700458LDD181029s9999 xx 000 0 und d a1856046001cP 60.00 cLDD aGorman, Tim Buckley 0aSuccess at the enquiry deskcTim Buckley Gorman aFifth edition aLondonbFacetc2006 axi, 134 bP 60.00 a3821b07-02-2007 a2006/CR/0003756b21-02-2007cFdALLIEDe2 aDiscount-10bReqst by : Sharma, Jaideep  2ddccBK 00102ddc4070978095aLDDbLDDl0o025.520941 Ow2Sp061426r2018-11-01v5196.60w2018-11-01yBK c78096d78096